000 00779nam a2200241 i 4500
001 164944
003 ES-MaACL
005 20250729081836.0
008 931025s1874 fr a |||| | fre d
080 _a575.8.01
100 1 _aSchmidt, Oscar.
_9132556
245 1 0 _aDescendance et Darwinisme /
_cpar O. Schmidt.
260 _aParis :
_bGermer Baillière,
_c1874.
300 _aVIII, 277 p. :
_bil. ;
_c22 cm.
490 1 _aBibliothèque scientifique internationale ;
_v7
599 _aGrab. xil. intercalados en el texto.
650 7 _aEvolucionismo
_2embne
_912629
830 0 _aBibliothèque scientifique internationale ;
_v7
_9186949
852 _aES-MaACL
_jD-4848
_z-- Enc. tela
852 _aES-MaACL
_jF-14337
999 _c164944
_d164944